000 00882nam a2200229Ia 4500
003 GCL
008 140319s9999 xx 000 0 ara d
020 _a5635064977
040 _aGCL /
_cGCL
082 0 4 _a621.3874
_bف ن
100 1 _aفاروق محمد العامرى
245 1 0 _aنظم السنترالات التليفونية = TELEPHONE SWITCHING SYSTEMS /
_cفاروق محمد العامرى
250 _aالاولى
260 _aالقاهرة :
_bمعهد ناصر للدراسات الالكترونية ،
_c1998
300 _a279 ص:
_bايض ؛
_c24 سم
490 _aموسوعة الاتصالات العالمية
_v4
650 0 4 _aالدوائر الالكترونية
650 0 4 _aالاتصالات السلكية واللاسلكية
650 0 4 _aالتليفون
650 0 4 _aالتليفون - نظام التشغيل
942 _2ddc
_cBK
999 _c32709
_d32709